Achieving communal harmony and national integration : (Record no. 132230)

MARC details
000 -LEADER
fixed length control field 00852nam a22002177a 4500
005 - DATE AND TIME OF LATEST TRANSACTION
control field 20170124110151.0
010 ## - LIBRARY OF CONGRESS CONTROL NUMBER
LC control number A-896400
020 ## - INTERNATIONAL STANDARD BOOK NUMBER
Terms of availability 00.00
International Standard Book Number 8175330503
037 ## - SOURCE OF ACQUISITION
Source of stock number/acquisition Cen Lib/Ret
040 ## - CATALOGING SOURCE
Original cataloging agency DPL
Language of cataloging EN
082 ## - DEWEY DECIMAL CLASSIFICATION NUMBER
Classification number 302.14
Item number ACH
245 #r - TITLE STATEMENT
Title Achieving communal harmony and national integration :
Statement of responsibility, etc edited by G. Satanley Jaya Kumar [and] B.V. Muralidhar
Remainder of title a dream for every indain (papers of UGC national seminar held on 6-7 May 1995) /
260 ## - PUBLICATION, DISTRIBUTION, ETC. (IMPRINT)
Name of publisher, distributor, etc M.D. publications Pvt. Ltd.
Place of publication, distribution, etc New Delhi
Date of publication, distribution, etc 1997
270 ## - ADDRESS
Address B/231-E, Greter Kailash-I
City New Delhi
Postal code 110048
300 ## - PHYSICAL DESCRIPTION
Extent 150p.
Dimensions 22m(Hb)
650 ## - SUBJECT ADDED ENTRY--TOPICAL TERM
Topical term or geographic name as entry element Communalism -- India -- Congresses.
9 (RLIN) 12159
650 ## - SUBJECT ADDED ENTRY--TOPICAL TERM
Topical term or geographic name as entry element Nationalism -- India -- Congresses.
9 (RLIN) 12160
700 ## - ADDED ENTRY--PERSONAL NAME
Personal name G. Stanley Jaya Kumar
9 (RLIN) 12161
700 ## - ADDED ENTRY--PERSONAL NAME
Personal name Muralidhar, B.V.
9 (RLIN) 12162
942 ## - ADDED ENTRY ELEMENTS (KOHA)
Source of classification or shelving scheme Dewey Decimal Classification
Koha item type English Books
Classification part 302.14
Call number suffix ACH
Holdings
Withdrawn status Lost status Damaged status Not for loan Home library Current library Date acquired Source of acquisition Cost, normal purchase price Total Checkouts Full call number Barcode Date last seen Copy number Cost, replacement price Price effective from Koha item type Public note
Written off       Central Library Central Library 21/07/2015 Cen Lib/Ret 0.00   302.14 ACH A-896400 21/07/2015 1 0.00 21/07/2015 English Books W/d List No. 6845/17 : dtd 9/7/20

© Delhi Public Library
Hit Counter
free hit counter